Tra crisi e riscatto : Elsa Morante legge Ernesto De Martino /

Bibliographic Details
Main Author: Di Fazio, Angela, 1985- (Author)
Format: Book
Language:Italian
Published: Bologna : Pendragon, [2017]
Series:Sfere (Bologna, Italy)
Subjects:

MARC

Tag First Indicator Second Indicator Subfields
LEADER 00000cam a2200000 i 4500
001 in00003813620
005 20170926131214.0
008 170202t20172017it b 001 0 ita d
010 |a  2017368485 
020 |a 9788865988435 
020 |a 8865988436 
035 |a (OCoLC)ocn987157550 
040 |a ItFiC  |e rda  |c C3L  |d DLC  |d TXA  |d UtOrBLW 
042 |a lccopycat 
049 |a TXAM 
050 0 0 |a PQ4829.O615  |b Z612 2017 
100 1 |a Di Fazio, Angela,  |d 1985-  |e author.  |0 http://id.loc.gov/authorities/names/no2013080742 
245 1 0 |a Tra crisi e riscatto :  |b Elsa Morante legge Ernesto De Martino /  |c Angela Di Fazio. 
264 1 |a Bologna :  |b Pendragon,  |c [2017] 
264 4 |c ©2017 
300 |a 236 pages ;  |c 21 cm. 
336 |a text  |b txt  |2 rdacontent 
337 |a unmediated  |b n  |2 rdamedia 
338 |a volume  |b nc  |2 rdacarrier 
490 1 |a Le sfere 
504 |a Includes bibliographical references and index. 
600 1 0 |a Morante, Elsa,  |d approximately 1912-1985  |x Knowledge  |x Ethnology. 
600 1 0 |a Morante, Elsa,  |d approximately 1912-1985  |x Knowledge  |x Anthropology. 
600 1 0 |a De Martino, Ernesto,  |d 1908-1965  |x Influence. 
830 0 |a Sfere (Bologna, Italy)  |0 http://id.loc.gov/authorities/names/n95091262 
948 |a cataloged  |b h  |c 2017/6/27  |d c  |e dmitchel  |f 11:20:10 am 
994 |a C0  |b TXA 
999 f f |s 3fc5318c-7ea3-3052-ae79-531e5bd5ec61  |i 386c0352-5091-33b4-ab6e-1deb84cae118  |t 0 
952 f f |p normal  |a Texas A&M University  |b College Station  |c Sterling C. Evans Library  |d Evans: Library Stacks  |t 0  |e PQ4829.O615 Z612 2017  |h Library of Congress classification  |i unmediated -- volume  |m A14850199820 
998 f f |a PQ4829.O615 Z612 2017  |t 0  |l Evans: Library Stacks